00687nam a2200241 a 45000010008000000030006000080050017000140080041000310100013000720200024000850350012001090400018001210500021001390500017001600820010001771000044001872450082002312600039003133000020003525040028003726300024004007000021004248827209OCoLC20210205120027.0820909s1982 gau b 000 0 eng  a82-17999 a0804200300 (pbk.) : a3181897 aDLCcDLCdOSU aBS476b.H35 198200aBS476bH417B bH417B1 aHayes, John H.q(John Haralson),d1934-10aBiblical exegesis :ba beginner's handbook /cJohn H. Hayes, Carl R. Holladay aAtlanta :bJohn Knox Press,cc1982 a132 p. ;c22 cm aIncludes bibliographies00aBiblexHermeneutics10aHolladay, Carl R